Patriots : (Record no. 1357)

MARC details
000 -LEADER
fixed length control field 00756pam a2200265 a 4500
005 - DATE AND TIME OF LATEST TRANSACTION
control field 20260322212057.0
008 - FIXED-LENGTH DATA ELEMENTS--GENERAL INFORMATION
fixed length control field data
010 ## - LIBRARY OF CONGRESS CONTROL NUMBER
LC control number 87026586
020 ## - INTERNATIONAL STANDARD BOOK NUMBER
International Standard Book Number 0671523759
020 ## - INTERNATIONAL STANDARD BOOK NUMBER
International Standard Book Number 9780671523756
040 ## - CATALOGING SOURCE
Original cataloging agency DLC
Transcribing agency DLC
Modifying agency DLC
043 ## - GEOGRAPHIC AREA CODE
Geographic area code n-us---
050 00 - LIBRARY OF CONGRESS CALL NUMBER
Classification number E208
Item number .L27 1988
082 00 - DEWEY DECIMAL CLASSIFICATION NUMBER
Classification number 973.3
Edition information 19
092 ## - LOCALLY ASSIGNED DEWEY CALL NUMBER (OCLC)
Classification number 973.3 L27 1988
001 - CONTROL NUMBER
control field data
100 1# - MAIN ENTRY--PERSONAL NAME
Personal name Langguth, A. J.,
Dates associated with a name 1933-
245 10 - TITLE STATEMENT
Title Patriots :
Remainder of title the men who started the American Revolution /
Statement of responsibility, etc. A. J. Langguth.
260 ## - PUBLICATION, DISTRIBUTION, ETC.
Place of publication, distribution, etc. New York :
Name of publisher, distributor, etc. Simon and Schuster,
Date of publication, distribution, etc. c1988.
300 ## - PHYSICAL DESCRIPTION
Extent 637 p. :
Other physical details ill., ports. ;
Dimensions 25 cm.
500 ## - GENERAL NOTE
General note Maps on lining paper.
500 ## - GENERAL NOTE
General note Includes index.
504 ## - BIBLIOGRAPHY, ETC. NOTE
Bibliography, etc. note Bibliography: p. 608-618.
651 #0 - SUBJECT ADDED ENTRY--GEOGRAPHIC NAME
Geographic name United States
General subdivision History
Chronological subdivision Revolution, 1775-1783.
Holdings
Withdrawn status Lost status Damaged status Not for loan Home library Current library Shelving location Date acquired Total checkouts Full call number Barcode Date last seen Price effective from Koha item type
        Centerville Centerville General stacks 22/03/2026   973.3 19 BC0011403 22/03/2026 22/03/2026 Books